Logo BPK

Biblioteka

Politechniki Koszalińskiej

Die Hochdruckklimaanlagen / (Rekord nr 17355)

Szczegóły MARC
000 -ETYKIETA REKORDU
podpole kontrolne o stałej długości 00443nam a2200181 i 4500
001 - NUMER KONTROLNY REKORDU
pole kontrolne bg
020 ## - MIĘDZYNARODOWY ZNORMALIZOWANY NUMER KSIĄŻKI - ISBN
ISBN 3184003116
040 ## - ŹRÓDŁO KATALOGOWANIA
Instytucja, która utworzyła rekord BPK
041 ## - KOD JĘZYKA
Kod języka tekstu pol
080 ## - UNIWERSALNA KLASYFIKACJA DZIESIĘTNA - UKD
UKD 697.94
920 ## - Międzynarodowy znormalizowany numer książki – ISBN
ISBN 3-18-400311-6
008 - POLE O STAŁEJ DŁUGOŚCI - DANE KONTROLNE
podpole kontrolne o stałej długości s pl f |000 0 pol
100 1# - NAZWA OSOBOWA
Nazwa osobowa DANIELS, Klaus
245 #4 - TYTUŁ/ODPOWIEDZIALNOŚĆ
Tytuł Die Hochdruckklimaanlagen /
Pozostałe elementy strefy tytułu i oznaczenia odpowiedzialności Klaus Daniels.
250 ## - STREFA WYDANIA
Oznaczenie wydania 3te naubearb. u. erweit. Aufl.
260 ## - STREFA ADRESU WYDAWNICZEGO
Miejsce wydania Düsseldorf :
Nazwa wydawcy/dystrybutora VDI,
Data publikacji, dystrybucji/powstania dokumentu 1977.
856 ## - LOKALIZACJA I DOSTĘP DO ELEKTRONICZNYCH DOKUMENTÓW ZDALNYCH
Link (URL) http://koha.tu.koszalin.pl/cgi-bin/koha/opac-detail.pl?biblionumber=17355
Tekst linku Katalog online BPK
942 ## - DODATKOWE ELEMENTY (KOHA)
Typ dokumentu Książka
Egzemplarze
Wycofany Status egzemplarza Uszkodzony Dostępność Lokalizacja stała Lokalizacja bieżąca Miejsce przechowywania Sygnatura Kod kreskowy Typ dokumentu
      Dostępny Biblioteka Politechniki Koszalińskiej Biblioteka Politechniki Koszalińskiej Wypożyczalnia BG 22083 02030036 Książka
© 2023 Biblioteka Politechniki Koszalińskiej :: KOHA